000 00433nam a2200169 a 4500
001 19113
005 20180713212516.0
008 140415s1958 000 0 spa d
041 _aspa
082 _a657.863
_bRHE
100 1 _aRHESE, CARLOS
245 1 0 _aMANUAL DE CONTABILIDAD AGRICOLA GANADERA
250 _a2a ed.
260 _a[s.l.] :
_bSELCON,
_c1958
300 _a288
650 1 4 _aCONTABILIDAD AGRICOLA
999 _c19113
_d19113